[Event "Valencia-ch op"]
[Site "Puerto de Sagunto"]
[Date "2017.04.22"]
[Round "2"]
[White "Sanchez Saez, Francisco"]
[Black "Guillem Mora, Carlos"]
[Result "1-0"]
[WhiteElo "2212"]
[BlackElo "2015"]
[PlyCount "69"]
[EventDate "2017.04.22"]
[EventType "swiss"]
[EventRounds "7"]
[EventCountry "ESP"]
[SourceTitle "EXT 2024"]
[Source "ChessBase"]
[SourceDate "2023.10.10"]
[SourceVersion "1"]
[SourceVersionDate "2023.10.10"]
[SourceQuality "1"]

1. Nf3 c5 2. g3 g6 3. Bg2 Bg7 4. c4 Nc6 5. Nc3 Nf6 6. d4 cxd4 7. Nxd4 Nxd4 8. Qxd4 0-0 9. 0-0 d6 10. Qd3 Nd7 11. Qc2 Ne5 12. b3 Rb8 13. h3 Bd7 14. e4 Qc8 15. Kh2 b5 16. Nd5 Re8 17. Bg5 Nc6 18. cxb5 Rxb5 19. Rac1 h6 20. Be3 e6 21. Qd2 exd5 22. exd5 Kh7 23. a4 Rxb3 24. dxc6 Bf5 25. Qxd6 Be5 26. Qd5 Rb2 27. Qxf7+ Kh8 28. Bxh6 Be6 29. Qxg6 Re7 30. Qg5 Qc7 31. Rce1 Bd4 32. Re4 Bxf2 33. Qf6+ Kh7 34. Rxf2 Rf7 35. Qxb2 1-0

[Event "Valencia Region-ch"]
[Site "Valencia"]
[Date "2016.11.19"]
[Round "7"]
[White "Guillem Mora, Carlos"]
[Black "Redondo Flores, David"]
[Result "1/2-1/2"]
[WhiteElo "2004"]
[BlackElo "2040"]
[PlyCount "102"]
[EventDate "2016.10.01"]
[EventType "swiss"]
[EventRounds "7"]
[EventCountry "ESP"]
[SourceTitle "EXT 2024"]
[Source "ChessBase"]
[SourceDate "2023.10.10"]
[SourceVersion "1"]
[SourceVersionDate "2023.10.10"]
[SourceQuality "1"]

1. d4 d6 2. Nf3 g6 3. Bf4 Bg7 4. h3 Nd7 5. e3 e5 6. Bh2 Qe7 7. Be2 Nh6 8. Nc3 c6 9. dxe5 Nxe5 10. Qd2 0-0 11. 0-0-0 Nxf3 12. Bxf3 d5 13. e4 d4 14. Ne2 Rd8 15. Bf4 Qf8 16. g4 Kh8 17. g5 Ng8 18. h4 Be6 19. h5 Qc5 20. hxg6 fxg6 21. Bc7 Rd7 22. Nf4 Bf7 23. Ba5 Qb5 24. Bg4 Re7 25. f3 Qxg5 26. Qh2 Nf6 27. Bd2 Qe5 28. Qh3 Kg8 29. Nd3 Qb5 30. Bb4 Ree8 31. Bd7 Red8 32. e5 Nh5 33. e6 Be8 34. Bxe8 Rxe8 35. e7 Qd5 36. Kb1 Bh6 37. Rde1 Be3 38. b3 a5 39. Bc5 b6 40. Bxb6 Rxe7 41. Bc5 Rf7 42. Ref1 a4 43. b4 Rb8 44. a3 Qf5 45. Qh2 Nf4 46. Qg3 Rbb7 47. Nb2 Ne2 48. Qd6 Nc3+ 49. Ka1 Qd5 50. Qxd5 Nxd5 51. Nc4 Rf4 1/2-1/2

[Event "Valencia Region-ch"]
[Site "Valencia"]
[Date "2016.10.01"]
[Round "1"]
[White "Guillem Mora, Carlos"]
[Black "Fos Santacreu, Juan Andres"]
[Result "0-1"]
[WhiteElo "2004"]
[BlackElo "2230"]
[PlyCount "80"]
[EventDate "2016.10.01"]
[EventType "swiss"]
[EventRounds "7"]
[EventCountry "ESP"]
[SourceTitle "EXT 2024"]
[Source "ChessBase"]
[SourceDate "2023.10.10"]
[SourceVersion "1"]
[SourceVersionDate "2023.10.10"]
[SourceQuality "1"]

1. d4 Nf6 2. Nf3 d5 3. c3 Bf5 4. Bf4 Nbd7 5. e3 e6 6. Be2 h6 7. h3 Be7 8. 0-0 0-0 9. Nbd2 c5 10. Ne5 Nxe5 11. Bxe5 Nd7 12. Bg3 a6 13. a4 Qb6 14. Ra2 Rad8 15. Nf3 Rfe8 16. Qd2 Nf6 17. a5 Qc6 18. Ne5 Qc8 19. f3 Bd6 20. Bh4 Be7 21. Bd1 Nd7 22. Bg3 Nxe5 23. Bxe5 f6 24. Bf4 Bf8 25. g4 Bg6 26. Qh2 Bd3 27. Re1 Qc6 28. h4 Bd6 29. Bxd6 Rxd6 30. g5 fxg5 31. hxg5 e5 32. dxe5 Rde6 33. f4 hxg5 34. Ba4 Bb5 35. Bc2 Rh6 36. Qg2 Qe6 37. Qxg5 d4 38. Ra3 d3 39. Bxd3 Bxd3 40. Kf2 Rh2+ 0-1

[Event "Valencia Region-ch"]
[Site "Valencia"]
[Date "2015.10.17"]
[Round "2.6"]
[White "Guillem Mora, Carlos"]
[Black "Marin Corresa, Arturo"]
[Result "1/2-1/2"]
[WhiteElo "1946"]
[BlackElo "2153"]
[PlyCount "84"]
[EventDate "2015.10.03"]
[EventType "swiss"]
[EventRounds "7"]
[EventCountry "ESP"]
[SourceTitle "EXT 2024"]
[Source "ChessBase"]
[SourceDate "2023.10.10"]
[SourceVersion "1"]
[SourceVersionDate "2023.10.10"]
[SourceQuality "1"]

1. b3 e6 2. Bb2 f5 3. e3 Nf6 4. f4 Be7 5. Nf3 b6 6. Be2 Bb7 7. Ne5 d6 8. Bf3 c6 9. Nd3 0-0 10. Nc3 Nbd7 11. g3 Qc7 12. Qe2 a5 13. Qg2 d5 14. Ne2 Bd6 15. 0-0 Ba6 16. Kh1 a4 17. g4 Bxd3 18. cxd3 Nc5 19. gxf5 Nxd3 20. Bc3 e5 21. fxe5 Bxe5 22. Nd4 Bxd4 23. Bxd4 Ne5 24. Bd1 c5 25. Bc3 axb3 26. Bxb3 c4 27. Bc2 Rf7 28. a4 Re8 29. a5 bxa5 30. Bxa5 Qd6 31. Bc3 h6 32. Rg1 Ne4 33. Bxe4 dxe4 34. Qxe4 Qc6 35. Qxc6 Nxc6 36. Ra6 Ne5 37. Rxh6 Rxf5 38. Bxe5 Rexe5 39. Rhg6 Rf7 40. Rc6 Rf2 41. Rg2 Rf1+ 42. Rg1 Rf2 1/2-1/2

[Event "Mislata op-A 48th"]
[Site "Mislata"]
[Date "2014.08.12"]
[Round "2"]
[White "Guillem Mora, Carlos"]
[Black "Aymerich Rosell, Pablo"]
[Result "0-1"]
[WhiteElo "1951"]
[BlackElo "2125"]
[PlyCount "68"]
[EventDate "2014.08.11"]
[EventType "swiss"]
[EventRounds "9"]
[EventCountry "ESP"]
[SourceTitle "CBM 161 Extra"]
[Source "ChessBase"]
[SourceDate "2014.08.29"]
[SourceVersion "1"]
[SourceVersionDate "2014.08.29"]
[SourceQuality "1"]

1. d4 e6 2. Bf4 c5 3. e3 Qb6 4. Nc3 Nf6 5. Nf3 Nc6 6. Be2 cxd4 7. exd4 Be7 8. a3 0-0 9. 0-0 d6 10. Na4 Qd8 11. c4 Bd7 12. Nc3 Rc8 13. b3 a6 14. Qd3 Na5 15. Nd2 b5 16. cxb5 axb5 17. Nxb5 Nd5 18. Be3 f5 19. Nb1 Bxb5 20. Qxb5 Rb8 21. Qa4 Nxb3 22. Ra2 f4 23. Bc1 Nxc1 24. Rxc1 f3 25. Bxf3 Rxf3 26. gxf3 Bg5 27. Re1 Bf4 28. Qa7 Qg5+ 29. Kh1 Rb3 30. Rc2 Ne7 31. Qd7 Qf6 32. Rc7 Kf7 33. Nc3 Rxc3 34. Rxc3 Qh6 0-1

[Event "Provincial-ch Valencia"]
[Site "Valencia"]
[Date "2013.11.02"]
[Round "4"]
[White "Jordan Arenas, Manuel"]
[Black "Guillem Mora, Carlos"]
[Result "1-0"]
[WhiteElo "2117"]
[BlackElo "1904"]
[PlyCount "91"]
[EventDate "2013.10.05"]
[EventType "swiss"]
[EventRounds "7"]
[EventCountry "ESP"]
[SourceTitle "EXT 2024"]
[Source "ChessBase"]
[SourceDate "2023.10.10"]
[SourceVersion "1"]
[SourceVersionDate "2023.10.10"]
[SourceQuality "1"]

1. d4 Nf6 2. c4 c5 3. d5 b5 4. cxb5 a6 5. bxa6 g6 6. Nc3 Bxa6 7. e4 Bxf1 8. Kxf1 d6 9. g3 Bg7 10. Kg2 Nbd7 11. Nf3 0-0 12. Qe2 Qb6 13. a4 Qb4 14. Bd2 Nb6 15. Rhb1 Rfb8 16. b3 Nbd7 17. Ra2 Qb7 18. Nb5 Ne8 19. b4 f5 20. Nc3 cxb4 21. exf5 Ne5 22. fxg6 hxg6 23. Rab2 Qc7 24. Rxb4 Rc8 25. Ng5 Bf6 26. Ne6 Qa5 27. Rb5 Qa6 28. R1b4 Ng7 29. Nxg7 Bxg7 30. f4 Nf7 31. Qd3 Kh7 32. Ne2 Rc5 33. Be3 Rc7 34. Nd4 Rac8 35. Nc6 e6 36. Nd4 exd5 37. f5 Ne5 38. fxg6+ Kg8 39. Qf5 Rf8 40. Qe6+ Kh8 41. Nf5 Rc2+ 42. Kh3 d4 43. Rxd4 Nf3 44. Rh4+ Nxh4 45. Nxh4 d5 46. Qxa6 1-0

[Event "Mislata op-A 47th"]
[Site "Mislata"]
[Date "2013.08.15"]
[Round "5"]
[White "Rubio Tent, Francisco"]
[Black "Guillem Mora, Carlos"]
[Result "1-0"]
[WhiteElo "2150"]
[BlackElo "1903"]
[PlyCount "139"]
[EventDate "2013.08.12"]
[EventType "swiss"]
[EventRounds "9"]
[EventCountry "ESP"]
[SourceTitle "EXT 2024"]
[Source "ChessBase"]
[SourceDate "2023.10.10"]
[SourceVersion "1"]
[SourceVersionDate "2023.10.10"]
[SourceQuality "1"]

1. e4 c5 2. Nf3 g6 3. d4 Bg7 4. Nc3 cxd4 5. Nxd4 Nc6 6. Nb3 Nf6 7. Bc4 0-0 8. 0-0 a5 9. a4 Nb4 10. e5 Ne8 11. Bf4 Kh8 12. Nb5 f6 13. Qe2 fxe5 14. Bxe5 Bxe5 15. Qxe5+ Nf6 16. c3 Nc6 17. Qg5 d6 18. Rad1 Ne5 19. Be2 Bf5 20. N3d4 Ne4 21. Qe3 Nc5 22. Nxf5 Rxf5 23. Nd4 Rf6 24. f4 Nc6 25. Nxc6 bxc6 26. Qd4 Rb8 27. f5 gxf5 28. Rxf5 Ne6 29. Qf2 Rxf5 30. Qxf5 Ng7 31. Qf7 Rxb2 32. Rf1 Rb8 33. Bd3 Qe8 34. Qf4 e5 35. Qh4 Qg8 36. Qe4 Nh5 37. Bc4 Qg6 38. Qxc6 Nf4 39. Kh1 d5 40. Bxd5 Qxc6 41. Bxc6 Rc8 42. Bb5 Rxc3 43. g3 Nd3 44. Bxd3 Rxd3 45. Rf8+ Kg7 46. Ra8 Rd5 47. Ra6 e4 48. Kg1 Rc5 49. Kf2 Kf7 50. Ke3 Rc3+ 51. Kxe4 Rc4+ 52. Kf5 Rc5+ 53. Kg4 Rc4+ 54. Kg5 Rxa4 55. Ra7+ Kg8 56. Kf6 h5 57. Kg6 Kf8 58. Kxh5 Ra2 59. h4 a4 60. g4 a3 61. g5 Ra1 62. Kg6 a2 63. h5 Rb1 64. Ra8+ Ke7 65. Rxa2 Rb6+ 66. Kg7 Rb5 67. Re2+ Kd6 68. Kf6 Kd7 69. h6 Rb6+ 70. Kg7 1-0

[Event "Mislata op-A 47th"]
[Site "Mislata"]
[Date "2013.08.14"]
[Round "4"]
[White "Guillem Mora, Carlos"]
[Black "Ribes Peris, Alvaro"]
[Result "1-0"]
[WhiteElo "1903"]
[BlackElo "2109"]
[PlyCount "89"]
[EventDate "2013.08.12"]
[EventType "swiss"]
[EventRounds "9"]
[EventCountry "ESP"]
[SourceTitle "EXT 2024"]
[Source "ChessBase"]
[SourceDate "2023.10.10"]
[SourceVersion "1"]
[SourceVersionDate "2023.10.10"]
[SourceQuality "1"]

1. c4 f5 2. Nc3 Nf6 3. Nf3 e6 4. g3 d5 5. Bg2 Be7 6. 0-0 0-0 7. d3 d4 8. Nb5 c5 9. Bf4 Na6 10. Rb1 h6 11. Ne5 Qe8 12. Qe1 g5 13. Bd2 Nd7 14. Nxd7 Qxd7 15. f4 Kg7 16. Qf2 Nb8 17. b4 a6 18. Na3 Nc6 19. bxc5 Bxc5 20. Nc2 g4 21. Nb4 Ne7 22. Rb2 Rd8 23. Rfb1 h5 24. Kf1 Ra7 25. Nc2 a5 26. Qe1 b6 27. Rxb6 Bxb6 28. Rxb6 Bb7 29. Nxd4 Bxg2+ 30. Kxg2 Kg8 31. Nxe6 Re8 32. Qf2 Nc6 33. Nc5 Qd6 34. d4 Rae7 35. e3 Rc8 36. Nb3 Qd8 37. Rb5 a4 38. Na5 Nxa5 39. Bxa5 Qe8 40. Rxf5 Rxe3 41. Rg5+ Kf7 42. Re5 Rf3 43. Qc2 Qh8 44. Qf5+ Qf6 45. Qxc8 1-0

[Event "Mislata op-A 47th"]
[Site "Mislata"]
[Date "2013.08.13"]
[Round "3"]
[White "Gonzalez Santamartina, Jorge"]
[Black "Guillem Mora, Carlos"]
[Result "0-1"]
[WhiteElo "1891"]
[BlackElo "1903"]
[PlyCount "50"]
[EventDate "2013.08.12"]
[EventType "swiss"]
[EventRounds "9"]
[EventCountry "ESP"]
[SourceTitle "EXT 2024"]
[Source "ChessBase"]
[SourceDate "2023.10.10"]
[SourceVersion "1"]
[SourceVersionDate "2023.10.10"]
[SourceQuality "1"]

1. e4 c5 2. Nf3 g6 3. d4 Bg7 4. c4 cxd4 5. Nxd4 Nf6 6. Nc3 Nc6 7. Be3 d6 8. Be2 0-0 9. 0-0 Nxd4 10. Bxd4 Be6 11. Rc1 a6 12. f3 Rc8 13. b3 Qa5 14. Qd2 Bd7 15. Rfd1 b5 16. Nd5 Qd8 17. Bxf6 exf6 18. cxb5 Rxc1 19. Rxc1 axb5 20. Qb4 f5 21. Qxd6 fxe4 22. fxe4 Re8 23. Bd3 Be5 24. Qb6 Qxb6+ 25. Nxb6 Bd4+ 0-1

[Event "Provincial-ch Valencia Preferente"]
[Site "Valencia"]
[Date "2012.11.17"]
[Round "6"]
[White "Aparisi Arnandis, Bernardo"]
[Black "Guillem Mora, Carlos"]
[Result "1/2-1/2"]
[WhiteElo "2071"]
[BlackElo "1840"]
[PlyCount "100"]
[EventDate "2012.10.06"]
[EventType "swiss"]
[EventRounds "7"]
[EventCountry "ESP"]
[SourceTitle "EXT 2024"]
[Source "ChessBase"]
[SourceDate "2023.10.10"]
[SourceVersion "1"]
[SourceVersionDate "2023.10.10"]
[SourceQuality "1"]

1. d4 d5 2. c4 c6 3. Nc3 e6 4. e3 Bd6 5. Nf3 f5 6. Bd3 Nf6 7. Qc2 Ne4 8. g3 Nd7 9. h4 Ndf6 10. Bxe4 fxe4 11. Ng5 Ng4 12. Qe2 h5 13. Bd2 Qf6 14. Nh3 e5 15. 0-0-0 0-0 16. cxd5 cxd5 17. Nb5 exd4 18. exd4 Bd7 19. Nxd6 Qxd6 20. Nf4 Rac8+ 21. Kb1 Bf5 22. Be3 g6 23. Rc1 a6 24. Qd2 Rc6 25. Qa5 Rfc8 26. Qxd5+ Qxd5 27. Nxd5 Nxf2 28. Rxc6 Rxc6 29. Ne7+ Kf8 30. Bxf2 Kxe7 31. Be3 Kd6 32. Rc1 Rxc1+ 33. Kxc1 Kd5 34. Kd2 Kc4 35. Kc2 a5 36. b3+ Kd5 37. Kc3 b5 38. a3 a4 39. Kb4 axb3 40. Kxb3 Bd7 41. Kc3 Bf5 42. Kb4 Bd7 43. Kc3 Bf5 44. Bf4 Bd7 45. Be5 Bf5 46. Kd2 Kc4 47. Ke3 b4 48. axb4 Kxb4 49. Kf4 Kc4 50. Ke3 Kd5 1/2-1/2

[Event "Provincial-ch Valencia Preferente"]
[Site "Valencia"]
[Date "2012.11.03"]
[Round "4"]
[White "Guillem Mora, Carlos"]
[Black "Cebrian Flores, Juan Antonio"]
[Result "1-0"]
[WhiteElo "1840"]
[BlackElo "1895"]
[PlyCount "119"]
[EventDate "2012.10.06"]
[EventType "swiss"]
[EventRounds "7"]
[EventCountry "ESP"]
[SourceTitle "EXT 2024"]
[Source "ChessBase"]
[SourceDate "2023.10.10"]
[SourceVersion "1"]
[SourceVersionDate "2023.10.10"]
[SourceQuality "1"]

1. c4 g6 2. Nc3 Bg7 3. g3 c5 4. Bg2 Nc6 5. Nf3 d6 6. d3 Nf6 7. Bd2 0-0 8. 0-0 h6 9. a3 a5 10. e3 Ne8 11. Rb1 e6 12. d4 Nc7 13. dxc5 dxc5 14. Na4 Qe7 15. Nb6 Rb8 16. Qe1 e5 17. Nxc8 Rfxc8 18. Bxa5 Qe6 19. Bxc7 Rxc7 20. Nd2 Ne7 21. Qe2 f5 22. Rfd1 Kh7 23. Nb3 b5 24. Nd2 b4 25. a4 b3 26. Ra1 e4 27. Rdb1 Nc6 28. Ra3 Na5 29. Bf1 Rd7 30. Qe1 Rb4 31. Be2 Qb6 32. Qc1 Qd8 33. Nf1 Rd6 34. h4 g5 35. hxg5 hxg5 36. g4 fxg4 37. Kg2 Qd7 38. Ng3 Qe6 39. Qh1+ Bh6 40. Rc1 Rd2 41. Qh5 Rxe2 42. Nxe2 Nxc4 43. Raa1 Qf5 44. Rh1 Qf3+ 45. Kg1 Rb6 46. Rd1 Ne5 47. Qe8 Nd3 48. Qe7+ Kg8 49. Rxd3 exd3 50. Qd8+ Kg7 51. Qxb6 dxe2 52. Qxh6+ Kf7 53. Qh7+ Ke6 54. Rh6+ Kd5 55. Qd7+ Kc4 56. Qb5+ Kd5 57. Qd3+ Ke5 58. Qd6+ Ke4 59. Re6+ Kf5 60. Qe5# 1-0

[Event "Mislata op-B 20th"]
[Site "Mislata"]
[Date "2012.08.16"]
[Round "5"]
[White "Gomez Benitez, David Isaac"]
[Black "Guillem Mora, Carlos"]
[Result "1-0"]
[WhiteElo "2062"]
[BlackElo "1804"]
[PlyCount "49"]
[EventDate "2012.08.13"]
[EventType "swiss"]
[EventRounds "9"]
[EventCountry "ESP"]
[SourceTitle "EXT 2013"]
[Source "ChessBase"]
[SourceDate "2012.11.22"]
[SourceVersion "1"]
[SourceVersionDate "2012.11.22"]
[SourceQuality "1"]

1. e4 c5 2. Nc3 g6 3. f4 Bg7 4. Nf3 d6 5. Bc4 Nc6 6. d3 Nf6 7. 0-0 0-0 8. Kh1 Bd7 9. Qe1 e6 10. f5 exf5 11. Qh4 Ng4 12. Bg5 Bf6 13. h3 Bxg5 14. Nxg5 h6 15. hxg4 hxg5 16. Qh6 f4 17. Qxg6+ Kh8 18. Qh6+ Kg8 19. Nd5 Ne5 20. Nf6+ Qxf6 21. Qxf6 Kh7 22. Qxd6 Rae8 23. Qxc5 Kg6 24. Qd6+ f6 25. d4 1-0

[Event "Mislata op-B 20th"]
[Site "Mislata"]
[Date "2012.08.14"]
[Round "3"]
[White "Perez Garcia, Jose Miguel"]
[Black "Guillem Mora, Carlos"]
[Result "1/2-1/2"]
[WhiteElo "1967"]
[BlackElo "1804"]
[PlyCount "78"]
[EventDate "2012.08.13"]
[EventType "swiss"]
[EventRounds "9"]
[EventCountry "ESP"]
[SourceTitle "EXT 2013"]
[Source "ChessBase"]
[SourceDate "2012.11.22"]
[SourceVersion "1"]
[SourceVersionDate "2012.11.22"]
[SourceQuality "1"]

1. e4 c5 2. Nf3 g6 3. d4 cxd4 4. Nxd4 Bg7 5. c4 Nc6 6. Be3 Nf6 7. Nc3 Ng4 8. Qxg4 Nxd4 9. Qd1 Nc6 10. Qd2 h5 11. Be2 d6 12. 0-0 Be6 13. Rac1 Rc8 14. f3 Qa5 15. Rfd1 0-0 16. b3 a6 17. Nd5 Qxd2 18. Rxd2 Bxd5 19. cxd5 Nd4 20. Rxc8 Nxe2+ 21. Kf2 Rxc8 22. Kxe2 Kf8 23. Kd1 Ke8 24. Rc2 Rxc2 25. Kxc2 Kd7 26. Kd3 e6 27. g4 Bf6 28. h3 Bd8 29. a4 Ba5 30. Kc4 Kc7 31. b4 Bb6 32. Bd2 Bf2 33. b5 Kb6 34. a5+ Kc7 35. Bb4 Bg3 36. Bc3 Bf2 37. bxa6 bxa6 38. Bd4 Be1 39. Bc3 Bg3 1/2-1/2

[Event "Burjassot Provincial-ch Primera"]
[Site "Burjassot"]
[Date "2011.11.19"]
[Round "6.10"]
[White "Villanueva Molina, Fernando"]
[Black "Guillem Mora, Carlos"]
[Result "0-1"]
[WhiteElo "1783"]
[BlackElo "1737"]
[PlyCount "40"]
[EventDate "2011.10.01"]
[EventType "swiss"]
[EventRounds "7"]
[EventCountry "ESP"]
[SourceTitle "EXT 2024"]
[Source "ChessBase"]
[SourceDate "2023.10.10"]
[SourceVersion "1"]
[SourceVersionDate "2023.10.10"]
[SourceQuality "1"]

1. e4 c5 2. Nf3 Nc6 3. d4 cxd4 4. Nxd4 g6 5. Bb5 Bg7 6. Bxc6 bxc6 7. Be3 c5 8. Nb3 Bxb2 9. N1d2 Bxa1 10. Qxa1 Nf6 11. e5 Nd5 12. Bh6 Rg8 13. c4 Nb4 14. 0-0 g5 15. Ne4 Qb6 16. a3 Na6 17. Re1 Qxh6 18. Nf6+ exf6 19. exf6+ Kd8 20. Qe5 Qf8 0-1

[Event "Valenciana U18"]
[Site "Valenciana"]
[Date "2011.04.29"]
[Round "6"]
[White "Cebrian Flores, Juan Antonio"]
[Black "Guillem Mora, Carlos"]
[Result "1-0"]
[WhiteElo "1800"]
[BlackElo "1621"]
[PlyCount "88"]
[EventDate "2011.04.27"]
[EventType "swiss"]
[EventRounds "7"]
[EventCountry "ESP"]
[SourceTitle "EXT 2024"]
[Source "ChessBase"]
[SourceDate "2023.10.10"]
[SourceVersion "1"]
[SourceVersionDate "2023.10.10"]
[SourceQuality "1"]

1. d4 d5 2. c4 c6 3. Nc3 e6 4. Nf3 dxc4 5. a4 Bb4 6. Ne5 b5 7. g3 Bb7 8. Bg2 Qc8 9. 0-0 Bxc3 10. bxc3 Nf6 11. Ba3 Nbd7 12. e4 Nb6 13. a5 Nbd7 14. f4 Qc7 15. g4 Qxa5 16. Qf3 Qd8 17. Rad1 a5 18. f5 exf5 19. Qxf5 h6 20. h4 Qc7 21. g5 hxg5 22. hxg5 Nxe5 23. dxe5 Bc8 24. Qf4 Qa7+ 25. Rf2 Ng4 26. Bc5 Qb7 27. Rfd2 Be6 28. Rd6 Nh2 29. g6 Rc8 30. Qg5 Qc7 31. gxf7+ Kxf7 32. Qf4+ Kg8 33. Rxe6 Rd8 34. Rxd8+ Qxd8 35. Rd6 Qe8 36. e6 Rh6 37. e5 Qh5 38. Rd8+ Kh7 39. Be4+ Rg6+ 40. Bxg6+ Qxg6+ 41. Kxh2 Qc2+ 42. Bf2 a4 43. e7 a3 44. e8Q a2 1-0

[Event "Valenciana U18"]
[Site "Valenciana"]
[Date "2011.04.27"]
[Round "2"]
[White "Nicolas Zapata, Irene"]
[Black "Guillem Mora, Carlos"]
[Result "1-0"]
[WhiteElo "2100"]
[BlackElo "1621"]
[PlyCount "49"]
[EventDate "2011.04.27"]
[EventType "swiss"]
[EventRounds "7"]
[EventCountry "ESP"]
[SourceTitle "EXT 2024"]
[Source "ChessBase"]
[SourceDate "2023.10.10"]
[SourceVersion "1"]
[SourceVersionDate "2023.10.10"]
[SourceQuality "1"]

1. Nf3 d5 2. c4 e6 3. g3 c6 4. Bg2 Bd6 5. 0-0 f5 6. b3 Nf6 7. Bb2 Nbd7 8. Qc2 Nf8 9. d3 Ng6 10. Nbd2 f4 11. e4 fxe3 12. fxe3 0-0 13. e4 dxe4 14. Nxe4 Nxe4 15. dxe4 e5 16. c5 Bc7 17. h4 Re8 18. Ng5 Nf8 19. Qc4+ Be6 20. Rxf8+ Rxf8 21. Nxe6 Qd2 22. Nxf8+ Kh8 23. Qf7 Qxb2 24. Rf1 Qd4+ 25. Kh2 1-0

[Event "ESP-chT U16"]
[Site "Benidorm"]
[Date "2010.12.07"]
[Round "5"]
[White "Guillem Mora, Carlos"]
[Black "Morona Minguez, Irene"]
[Result "1-0"]
[WhiteElo "1610"]
[BlackElo "1876"]
[PlyCount "105"]
[EventDate "2010.12.04"]
[EventType "team"]
[EventRounds "6"]
[EventCountry "ESP"]
[SourceTitle "EXT 2014"]
[Source "ChessBase"]
[SourceDate "2013.11.20"]
[SourceVersion "1"]
[SourceVersionDate "2013.11.20"]
[SourceQuality "1"]

1. d4 Nf6 2. Bf4 d6 3. Nf3 g6 4. Nc3 Bg7 5. e4 Nbd7 6. Qd2 0-0 7. Bh6 Re8 8. h4 e5 9. d5 Nc5 10. Bd3 c6 11. dxc6 bxc6 12. Bxg7 Kxg7 13. 0-0 d5 14. Rfe1 d4 15. Nd1 Bg4 16. Nh2 Be6 17. Qg5 Qc7 18. f3 Nh5 19. Nf2 Nf4 20. Nhg4 Bxg4 21. Nxg4 Qd6 22. Bc4 Nd7 23. Nh6 Qc5 24. Bxf7 Rf8 25. Bb3 d3+ 26. Kh1 dxc2 27. Rac1 Qf2 28. Rf1 Qxg2+ 29. Qxg2 Nxg2 30. Kxg2 Kxh6 31. Rxc2 Rf6 32. Ba4 Rc8 33. Rfc1 Nb8 34. Rc5 Rcf8 35. R1c3 Rd8 36. Kg3 Rd2 37. Rb3 Nd7 38. Rxc6 Rf4 39. Re6 Nf8 40. Rxe5 Rf6 41. Re7 Ra6 42. Rb4 Rf6 43. e5 Rf5 44. Rb3 Rd4 45. Bc6 Rff4 46. Be4 Rfxe4 47. fxe4 Rxe4 48. Re8 Nd7 49. Rb7 Nc5 50. Rxa7 Rd4 51. Ree7 Ne4+ 52. Kf3 Nd2+ 53. Ke3 1-0